African Capitals Containing Words - Statistics

General Stats
  • This quiz has been taken 280 times
  • The average score is 15 of 19
Answer Stats
Word African capital % Correct
free Freetown
99%
cape Cape Town
97%
wind Windhoek
97%
rare Harare
94%
dodo Dodoma
93%
gab Gaborone
91%
moron Moroni
90%
trip Tripoli
89%
dish Mogadishu
86%
long Lilongwe
84%
rob Nairobi
80%
con Conakry
79%
bang Bangui
78%
bat Rabat
77%
bout Djibouti
73%
air Cairo, Nairobi
72%
jam N'Djamena
62%
amen N'Djamena
52%
and Luanda
44%
No matching quizzes found
Score Distribution
Percent of People with Each Score
Percentile by Number Answered
Your Score History
You have not taken this quiz